| 000 | 00563nam a2200169 a 4500 | ||
|---|---|---|---|
| 008 | 120416s1986 ||||||||||||||||| || u | ||
| 020 | _a1850911118 | ||
| 050 | _aHD 31 Win | ||
| 100 | _aWinckles, Kenneth | ||
| 245 | 1 | 4 | _aThe practice of successful business management |
| 260 |
_aLondon _bKogan Page _c1986 |
||
| 300 | _a236p. : ill. | ||
| 350 | _a0.00 | ||
| 650 | 0 | _aMANAGEMENT | |
| 650 | _aBUSINESS MANAGEMENT | ||
| 995 |
_D0.00 _FCBU-MAIN LIBRARY (Kitwe) _H1 _I5.50 _M1 _UDAMAGED _ZMain Library Open Access Collection |
||
| 999 |
_c54329 _d54329 |
||